000 00993aam a2200361a 44500
008 930106s1991 cat
017 _aB-5143-1991
041 _acat
041 _beng
041 _bspa
080 _a658(038)
110 _aFundació Empresarial Catalana
_965402
245 _aThesaurus de ciències empresarials: Edició trilingüe: Català, castellà, anglès
_cESADE; Fundació Empresarial Catalana
260 _aBarcelona
260 _bESADE
_aFundació Empresarial Catalana
_c1991
300 _a413 p.
_c30 cm
365 _b4.000
365 _cptes
500 _aBibliografia
500 _btermcat
520 _aaprox. 2.760
591 _a2789
592 _aObra terminològica
593 _aNL
594 _a2789
650 _aadministració i direcció d'empreses
_961563
710 _aESADE
_965403
901 _cDL <1991>
902 _a930106
942 _cMO
_n0
_2ddc
999 _c54488
_d54488